| 000 | 02774cam a2200457 i 4500 | ||
|---|---|---|---|
| 001 | data | ||
| 005 | 20260322212107.0 | ||
| 008 | data | ||
| 035 | _a18273230 | ||
| 906 |
_a7 _bcbc _corignew _d1 _eecip _f20 _gy-gencatlg |
||
| 925 | 0 |
_aacquire _b2 shelf copies _xpolicy default |
|
| 955 |
_exg16 2014-08-20 to Dewey _wxl04 2014-08-20 _fxg16 2015-02-27 |
||
| 010 | _a 2014033375 | ||
| 020 |
_a9781107086401 _qhardback |
||
| 020 |
_a110708640X _qhardback |
||
| 020 |
_a9781107451360 _qpaperback |
||
| 020 |
_a1107451361 _qpaperback |
||
| 040 |
_aDLC _beng _cDLC _erda |
||
| 041 | 1 |
_aeng _hfre |
|
| 042 | _apcc | ||
| 050 | 0 | 0 |
_aKZ3410 _b.J67813 2014 |
| 082 | 0 | 0 |
_a341 _223 |
| 084 |
_aLAW051000 _2bisacsh |
||
| 100 | 1 | _aJouannet, Emmanuelle. | |
| 240 | 1 | 0 |
_aDroit international. _lEnglish. |
| 245 | 1 | 2 |
_aA short introduction to international law / _cEmmanuelle Tourme Jouannet ; translated from the French, Le Droit International (Presses Universitaires de France, 2013), by Christopher Sutcliff. |
| 264 | 1 |
_aCambridge, United Kingdom : _bCambridge University Press, _c2014. |
|
| 264 | 4 | _c©2013 | |
| 300 |
_avii, 126 pages ; _c23 cm |
||
| 336 |
_atext _2rdacontent |
||
| 337 |
_aunmediated _2rdamedia |
||
| 338 |
_avolume _2rdacarrier |
||
| 500 | _aIncludes index. | ||
| 505 | 8 | _aMachine generated contents note: Introduction; 1. International law as history and culture; 2. International law as a legal order; 3. International law as an instrument of regulation and social intervention; Conclusion. | |
| 520 |
_a"In our globalised world the sources and actors of international law are many and its growth prolific and disorderly. International law governs the actions of states on matters as long-established as diplomatic immunity or as recent as the War on Terror, and it now impacts upon the lives of ordinary citizens in areas as diverse as banking and investment, public health and the protection of the environment. In this accessible introduction Emmanuelle Tourme Jouannet explains the latest developments in international law in the light of its history and culture, presenting it as an instrument both for dominance and for change that adjusts and balances the three pillars of the United Nations Charter: the prohibition of the use of force; economic, social and sustainable development; and human rights"-- _cProvided by publisher. |
||
| 650 | 0 | _aInternational law. | |
| 650 | 7 |
_aLAW / International. _2bisacsh |
|
| 700 | 1 |
_aSutcliffe, Christopher, _etranslator. |
|
| 765 | 0 |
_aJouannet, Emmanuelle. _tLe droit international. _dParis : Presses universitaires de France, 2013. _w(OCoLC)835282623. |
|
| 999 |
_c1579 _d1579 |
||